| 000 | 00447 a2200145 4500 | ||
|---|---|---|---|
| 999 |
_c3656 _d3656 |
||
| 020 | _a9780335214754 | ||
| 050 | _aPN4731 ALL 2005 | ||
| 100 |
_aAllan, Stuart _eeditor |
||
| 245 |
_aJournalism : _bcritical issues / _cStuart Allan |
||
| 264 |
_aMaidenhead : _bOpen University Press, 2005. _c2005 |
||
| 300 |
_axv. 390 p . : _bill. |
||
| 500 | _aincludes bibliographical references and index. | ||
| 650 | _aJournalism. | ||
| 942 |
_2lcc _cBK _h4731 _iALL _kPN |
||